Fintech Future: The Digital DNA of Finance/ (Record no. 178446)

MARC details
000 -LEADER
fixed length control field 00581nam a22001817a 4500
005 - DATE AND TIME OF LATEST TRANSACTION
control field 20210331120049.0
010 ## - LCCN (DPL NO)
LC control number ENG-129349
020 ## - INTERNATIONAL STANDARD BOOK NUMBER
International Standard Book Number 978-93-5388-248-8
Terms of availability 450.00
035 ## - SYSTEM CONTROL NUMBER
System control number EN-112881
037 ## - SOURCE OF ACQUISITION
Source of stock number/acquisition DBAD/PUB
082 ## - DEWEY DECIMAL CLASSIFICATION NUMBER
Classification number 332.1068
100 ## - MAIN ENTRY--PERSONAL NAME
Personal name Phadke, Sanjay
245 ## - TITLE STATEMENT
Title Fintech Future: The Digital DNA of Finance/
Statement of responsibility, etc Sanjay Phadke
260 ## - PUBLICATION, DISTRIBUTION, ETC. (IMPRINT)
Place of publication, distribution, etc New Delhi
Name of publisher, distributor, etc Sage Publication India
Date of publication, distribution, etc 2020
270 ## - ADDRESS
Address B1/1-1 Mohan Cooperative Industrial Area Mathura Road
City New Delhi
Postal code 110044
300 ## - PHYSICAL DESCRIPTION
Extent xxxii+190p.
Dimensions 22cm(pbk)
942 ## - ADDED ENTRY ELEMENTS (KOHA)
Source of classification or shelving scheme Dewey Decimal Classification
Item type English Books
Classification part 332.1068
Call number suffix PHA
Holdings
Withdrawn status Lost status Not for loan Collection code Home library Current library Date acquired Source of acquisition Cost, normal purchase price Full call number Barcode Copy number Cost, replacement price Koha item type
      Non-fiction Shahdara Branch Shahdara Branch 31/03/2021 DBAD/PUB 450.00 332.1068 PHA EN-112881 1 450.00 English Books

© Delhi Public Library
Hit Counter
free hit counter